Conferencias sobre la expedición botánica /

Conferencias sobre la expedición botánica que dirigió José Celestino Mutis (1732-1808) en 1783, y que tuvo como resultado la recopilación de importantes datos sobre la botánica latinoamericana.

Furkejuvvon:
Bibliográfalaš dieđut
Eará dahkkit: Restrepo Canal, Carlos (presentación) (presentación)
Materiálatiipa: Girji
Giella:espánnjágiella
Ráidu:(Biblioteca del Instituto Colombiano de Cultura Hispánica)
Fáttát:
Fáddágilkorat: Lasit fáddágilkoriid
Eai fáddágilkorat, Lasit vuosttaš fáddágilkora!

MARC

LEADER 00000nam^a2200000^a^4500
001 000138292
005 20250521000000.0
009 20260310095422.304
037 |a Acervo ITESO - Biblioteca 
041 |a ESP 
082 |a 581. 980  |b CON 
245 0 0 |a Conferencias sobre la expedición botánica /  |c Presen. de C. Restrepo Canal. 
264 |a Bogotá, Colombia :  |b Instituto Colombiano de Cultura Hispánica :  |b Kelly,  |c 1958 
300 |a 219 p. 
336 |a texto  |b txt  |2 rdacontenido 
337 |a sin mediación  |b n  |2 rdamedio 
338 |a volumen  |b nc  |2 rdasoporte 
440 1 |a (Biblioteca del Instituto Colombiano de Cultura Hispánica) 
520 |a Conferencias sobre la expedición botánica que dirigió José Celestino Mutis (1732-1808) en 1783, y que tuvo como resultado la recopilación de importantes datos sobre la botánica latinoamericana. 
649 |a XX 
650 |a Exploradores y Viajeros Españoles 
650 |a Científicos Españoles 
650 |a Botánicos Españoles 
650 |a Expediciones Científicas -  |z América 
650 |a Viajes y Travesías -  |z América 
650 |a Libros de Viajes -  |z América 
650 |a Libros de Viajes Españoles 
650 |a Recursos Naturales -  |z América 
650 |a Flora -  |z América 
650 |a Botánica -  |z América 
650 |a Historia Natural 
650 |a Ciencias Naturales 
650 |a América -  |x Historia -  |y Epoca Colonial 
650 |a América -  |x Descripción 
650 |a Mutis, José Celestino 
700 |a Restrepo Canal, Carlos  |e (presentación) 
910 |a Fondo Salvador Reynoso Reynoso 
920 |a Impresos - Libros 
930 |a Fondos Especiales 
905 |a 112 
901 |a 0800014067  |b IT2  |c ESP  |u 20250521 
902 |a https://opac.biblio.iteso.mx/vufind/Record/000138292